|
|
|
|
| LEADER |
01588nam a22002897a 4500 |
| 001 |
4495 |
| 003 |
BD-DhAAL |
| 005 |
20230313171732.0 |
| 008 |
141118s1908 ii ||||| |||| 00| 1 ben d |
| 020 |
|
|
|a 9848119167
|
| 040 |
|
|
|a BD-DhAAL
|c BD-DhAAL
|
| 041 |
|
|
|a ben
|
| 082 |
|
|
|2 22
|a 891.4437
|
| 100 |
|
|
|a ঠাকুর, রবীন্দ্রনাথ
|9 3812
|
| 245 |
|
|
|a রবীন্দ্র-রচনাবলী,
|n নবম খণ্ড /
|c রবীন্দ্রনাথ ঠাকুর.
|
| 260 |
|
|
|a কলিকাতা ;
|a ঢাকা :
|b বিশ্বভারতী,
|b জয় বুকস ইন্টারন্যাশনাল,
|c ১৯০৮,
|c ১৯৯৯.
|
| 300 |
|
|
|a ৫৭১ পৃষ্ঠা,
|a ৭৪৩ পৃষ্ঠা ;
|c ২৪ সে. মি.
|
| 362 |
|
|
|a ৯ম খণ্ড
|
| 500 |
|
|
|a নিঘন্ট অন্তর্ভূক্ত।
|
| 541 |
|
|
|a Donated by Akbar Ali Khan
|e 4495, 40262
|
| 600 |
|
|
|a Tagore, Rabindranath,
|d 1861-1941,
|x Fiction.
|9 53216
|
| 600 |
|
|
|a ঠাকুর, রবীন্দ্রনাথ,
|d ১৮৬১-১৯৪১,
|x রচনাবলী
|9 2545
|
| 852 |
|
|
|a Ayesha Abed Library
|c General Stacks
|
| 942 |
|
|
|2 ddc
|c BK
|
| 999 |
|
|
|c 33065
|d 33065
|
| 952 |
|
|
|0 0
|1 0
|2 ddc
|4 0
|6 891_443700000000000_TAG
|7 0
|9 44089
|a BRACUL
|b BRACUL
|c GEN
|d 2014-11-18
|g 114.00
|l 0
|o 891.4437 TAG
|p 3010004495
|r 2014-11-18
|t 1
|w 2014-11-18
|y BK
|
| 952 |
|
|
|0 0
|1 0
|2 ddc
|4 0
|6 891_443700000000000_TAG
|7 1
|9 72577
|a BRACUL
|b BRACUL
|c AWC
|d 2022-12-26
|e Donated by Akbar Ali Khan
|g 240.00
|l 0
|o 891.4437 TAG
|p 3010040262
|r 2022-12-26
|t 2
|v 240.00
|w 2022-12-26
|y BK
|